BIBLIOTECA

SENCICO

La interacción humana : (Registro nro. 155)

Detalles MARC
000 -LEADER
fixed length control field 01969nam a2200265Ia 4500
003 - CONTROL NUMBER IDENTIFIER
control field PE SENCICO BE
005 - DATE AND TIME OF LATEST TRANSACTION
control field 20251020182428.0
008 - FIXED-LENGTH DATA ELEMENTS--GENERAL INFORMATION
fixed length control field 200515s9999 xx 000 0 und d
040 ## - CATALOGING SOURCE
Original cataloging agency PE SENCICO BE
Transcribing agency PE SENCICO BE
041 ## - LANGUAGE CODE
Language code of text/sound track or separate title spa
082 ## - DEWEY DECIMAL CLASSIFICATION NUMBER
Classification number 302
Item number P59
100 1# - MAIN ENTRY--PERSONAL NAME
Personal name Pinilla, Antonio
9 (RLIN) 2277
Relator term autor
245 10 - TITLE STATEMENT
Title La interacción humana :
Remainder of title principios de las relaciones sociales administrativas y políticas /
Statement of responsibility, etc. Antonio Pinilla
250 ## - EDITION STATEMENT
Edition statement 1a ed.
260 ## - PUBLICATION, DISTRIBUTION, ETC.
Place of publication, distribution, etc. Lima :
Name of publisher, distributor, etc. Universidad de Lima ;
Date of publication, distribution, etc. 1977
300 ## - PHYSICAL DESCRIPTION
Extent 2 v. :
Dimensions 20 cm.
505 0# - FORMATTED CONTENTS NOTE
Formatted contents note v. 1: El conocimiento del hombre y de su conducta -- Factores que influyen sobre la interacción humana -- Tendencias determinantes del sentido de la interacción humana -- Resultantes psicológicos de la interacción humana -- La interacción humana ordena la conducta individual dentro de las formas de comportamiento -- Problemas concreto que se plantean en la interacción humana -- Consecuencias filosóficas -- v. 2: Dirección de la interacción humana: Naturaleza de la administración -- Visión comprensiva de los hechos administrativos -- Parte administrativa: administración pública -- Administración militar -- Administración de la educación -- Administración de empresas -- Parte preceptiva: principio teológico -- Principio de la unidad de dirección -- Principio normativo -- Principio de comunicación -- Principio de disciplina -- Principio de continuidad administrativa -- Principio de la influencia --Principio de autoridad - responsabilidad -- Principio de factibilidad -- Principio de división de trabajo -- Principio de respeto y promoción de valor humano del trabajo -- Ideología de la administración.
650 10 - SUBJECT ADDED ENTRY--TOPICAL TERM
Topical term or geographic name entry element Relaciones interpersonales
9 (RLIN) 2328
650 20 - SUBJECT ADDED ENTRY--TOPICAL TERM
Topical term or geographic name entry element Relaciones humanas (Trabajo)
9 (RLIN) 2316
650 20 - SUBJECT ADDED ENTRY--TOPICAL TERM
Topical term or geographic name entry element Sociedad
9 (RLIN) 2349
650 20 - SUBJECT ADDED ENTRY--TOPICAL TERM
Topical term or geographic name entry element Socialización política
9 (RLIN) 2350
650 20 - SUBJECT ADDED ENTRY--TOPICAL TERM
Topical term or geographic name entry element Psicología social
9 (RLIN) 2299
650 20 - SUBJECT ADDED ENTRY--TOPICAL TERM
Topical term or geographic name entry element Conducta humana
9 (RLIN) 2300
942 ## - ADDED ENTRY ELEMENTS (KOHA)
Koha item type Libros
Source of classification or shelving scheme Dewey Decimal Classification
Existencias
Fecha de la última vez que lo usaron Número de ingreso o de inventario Pago total Signatura topográfica completa Código de barras Precio efectivo desde Tipo de documento Estado perdido Sistema de clasificación Estado dañado No es para préstamo Retirado Ubicación permanente Ubicación actual Fecha de adquisición
15/05/2020 1230   302/P59/v. 1 BibLima24060053 15/05/2020 Libros   Dewey Decimal Classification       Biblioteca Central Lima Biblioteca Central Lima 15/05/2020
24/06/2024 1231   302/P59/v. 2 BibLima24060054 24/06/2024 Libros   Dewey Decimal Classification       Biblioteca Central Lima Biblioteca Central Lima 24/06/2024